| 000 | 00421nam a2200133Ia 4500 | ||
|---|---|---|---|
| 008 | 170516s9999 xx 000 0 und d | ||
| 245 | _aImproving the Efficacy of Photoimmunotherapy (PIT) using a Cocktail of Antibody Conjugates in a Multiple Antigen Tumor Model | ||
| 260 | _bTheranostics | ||
| 260 | _c2013 | ||
| 300 | _a3:6 | ||
| 650 | _xMedical Technology | ||
| 650 | _xMedtech | ||
| 856 | _uhttp://www.thno.org/v3i6 | ||
| 999 |
_c330362 _d330362 |
||